| 000 | 00484nam a2200145 4500 | ||
|---|---|---|---|
| 999 |
_c10642 _d10642 |
||
| 008 | 180912b ||||| |||| 00| 0 eng d | ||
| 022 | _a2094-8042 | ||
| 082 | _aDPer 370.105 M72 Jan-Dec 2011 v59-60 | ||
| 100 |
_931095 _aPasion- Aguinaldo, Emma Sol. |
||
| 245 |
_aTips for the old and not so old/ _cEmma Sol. Pasion- Aguinaldo. |
||
| 260 |
_aPhilippines: _bIn the Grade School, Inc., _cc2011. |
||
| 300 |
_av60 n4, page 143; _c27cm. |
||
| 650 | 0 |
_931096 _aAging. |
|
| 942 |
_2ddc _cPER |
||